Statistiques concernant Clubs de Liga (championnat d'Espagne) 2016-2017

Cliquez ici pour prendre le quiz!

Statistiques générales

  • Ce quiz a été pris 171 fois
  • Le résultat moyen est 8 sur 20

Statistiques - réponses

Se maintient depuisClub% Correct
1928Real Madrid CF
96%
1928FC Barcelona
80%
2002Club Atlético de Madrid
78%
1987València CF
70%
2010Real Sociedad de Fútbol
52%
1928Athletic Club
50%
2008Málaga CF
44%
2001Sevilla FC
39%
2012RC Celta de Vigo
35%
2016CA Osasuna
33%
2015UD Las Palmas
32%
2011Granada CF
29%
1994RCD Espanyol de Barcelona
28%
2016Deportivo Alavés
25%
2014SD Eibar
24%
2014RCD de La Coruña
23%
2015Real Betis Balompié
22%
2013Villarreal CF
22%
2016CD Leganés
20%
2015Real Sporting de Gijón
11%

Distribution des résultats

Percentile par nombre de réponses

% des personnes avec chaque résultat

Votre développement - résultats

Vous n’avez pas pris ce quiz